000 00280nam a22001217a 4500
999 _c15315
_d15315
082 _a631.47
_bSOI/SO
100 _aSOIL SURVEY STAFF
_92965
245 _aSoil survey manual
250 _a1
260 _aNew Delhi
_bOxford & IBH Publishing Co.
_c1966
300 _a503
942 _cBK